[Event "40 Nezhmetdinov Memorial"]
[Site "Казань"]
[Date "2018.09.15"]
[Round "3.33"]
[White "Nikolaev, Matvei"]
[Black "Shoboev, Dandar"]
[Result "0-1"]
[WhiteElo "1807"]
[BlackElo "2237"]
[PlyCount "80"]
[EventDate "2018.09.13"]

1. e4 d6 2. d4 g6 3. g3 Bg7 4. Bg2 Nc6 5. Be3 e5 6. Ne2 Nf6 7. h3 d5 8. dxe5
Nxe4 9. Nbc3 Nxc3 10. Nxc3 Be6 11. Bxd5 Bxd5 12. Qxd5 Bxe5 13. O-O-O Bxc3 14.
bxc3 Qxd5 15. Rxd5 Rd8 16. Rhd1 Rxd5 17. Rxd5 Ke7 18. Bg5+ f6 19. Bf4 Rc8 20.
h4 Nd8 21. Rd4 Ne6 22. Re4 Kd7 23. Be3 c5 24. h5 g5 25. h6 Kd6 26. f4 Kd5 27.
Ra4 a6 28. Kd2 gxf4 29. gxf4 f5 30. Ra3 Rc6 31. Rb3 b5 32. Rb1 Nf8 33. Rh1 Rg6
34. Rh2 Ne6 35. Ke2 Ke4 36. Kf2 Rg4 37. Rh3 c4 38. Rf3 Nxf4 39. Bxf4 Rxf4 40.
Rxf4+ Kxf4 0-1

[Event "40 Nezhmetdinov Memorial"]
[Site "Казань"]
[Date "2018.09.15"]
[Round "3.34"]
[White "Kopylov, Artem"]
[Black "Anchutin, Nikita"]
[Result "0-1"]
[WhiteElo "1779"]
[BlackElo "2221"]
[PlyCount "102"]
[EventDate "2018.09.13"]

1. d4 Nf6 2. c4 e6 3. Nc3 Bb4 4. g3 O-O 5. Bg2 d5 6. Nf3 dxc4 7. O-O Nc6 8. Qa4
Nd5 9. Qc2 Be7 10. Rd1 Ncb4 11. Qb1 c6 12. Ne5 Nxc3 13. bxc3 Nd5 14. Qc2 Qa5
15. Bd2 Qa6 16. e4 Nb6 17. Nf3 Bd7 18. e5 h6 19. Qe4 Rfc8 20. Nh4 Nd5 21. Qg4
Kf8 22. Be4 Bxh4 23. Qxh4 Qa3 24. Bxd5 cxd5 25. Re1 Ba4 26. g4 Bc2 27. g5 Qe7
28. Qh3 Bf5 29. Qh5 Bg6 30. Qh3 h5 31. a4 Rc6 32. Bc1 Kg8 33. Qh4 Rb6 34. Ba3
Qd7 35. a5 Rb3 36. Bb4 Qb5 37. Qg3 Rc8 38. Qe3 Rxb4 39. cxb4 c3 40. Rec1 Qxb4
41. Ra2 Rc4 42. Qe1 Qb3 43. Re2 c2 44. Rd2 Qb4 45. h3 Bf5 46. Kh2 Rc3 47. Re2
Rxh3+ 48. Kg1 Qxd4 49. Re3 Qg4+ 50. Rg3 Rxg3+ 51. fxg3 Be4 0-1

[Event "40 Nezhmetdinov Memorial"]
[Site "Казань"]
[Date "2018.09.15"]
[Round "3.35"]
[White "Pogorelskikh, Sergey"]
[Black "Yadigarov, Aivaz"]
[Result "1-0"]
[WhiteElo "2202"]
[BlackElo "1789"]
[PlyCount "93"]
[EventDate "2018.09.13"]

1. e4 c5 2. Nf3 d6 3. d4 cxd4 4. Nxd4 Nf6 5. Nc3 a6 6. Bg5 e6 7. f4 Qb6 8. Qd2
Qxb2 9. Rb1 Qa3 10. Bxf6 gxf6 11. Be2 Nc6 12. Nxc6 bxc6 13. O-O Be7 14. Kh1 Qa5
15. f5 e5 16. Bc4 h5 17. Rb3 h4 18. h3 Rh7 19. Qd3 Bd8 20. Rd1 Bc7 21. Rdb1 Ke7
22. Nd5+ cxd5 23. Bxd5 Bb7 24. Rxb7 Rc8 25. Qb3 Rg7 26. Bxf7 d5 27. Qxd5 Qxd5
28. Bxd5 Kf8 29. c4 Ba5 30. Rb8 Rgc7 31. Rxc8+ Rxc8 32. Rb7 Rc7 33. Rxc7 Bxc7
34. c5 Ba5 35. Kg1 Bb4 36. c6 Ke7 37. Kf1 Kd6 38. Kf2 Ke7 39. Kf3 Be1 40. Kg4
Bf2 41. Kh5 Be1 42. Be6 Kd6 43. Kg6 Kxc6 44. Kxf6 Kd6 45. Bc4 Bd2 46. Bxa6 Bh6
47. Bc4 1-0

[Event "40 Nezhmetdinov Memorial"]
[Site "Казань"]
[Date "2018.09.15"]
[Round "3.36"]
[White "Kurinov, Mikhail"]
[Black "Zhafyarov, Adel"]
[Result "1/2-1/2"]
[WhiteElo "1766"]
[BlackElo "2202"]
[PlyCount "85"]
[EventDate "2018.09.13"]

1. d4 d5 2. c4 e6 3. Nc3 Nf6 4. cxd5 exd5 5. Bg5 Nbd7 6. e3 c6 7. Bd3 Bd6 8.
Qc2 h6 9. Bh4 O-O 10. Nf3 Re8 11. O-O Nf8 12. Bg3 Bxg3 13. hxg3 Qd6 14. Ne5 Ng4
15. Nf3 Nf6 16. Ne5 Bd7 17. Rac1 Rac8 18. Qd2 Ne6 19. b3 Red8 20. Na4 Be8 21.
Nc5 Nxc5 22. Rxc5 b6 23. Rc2 c5 24. Nf3 Ne4 25. Qe2 f6 26. dxc5 Rxc5 27. Nd4
Bd7 28. Rfc1 Rdc8 29. a3 a5 30. b4 axb4 31. axb4 Rxc2 32. Rxc2 Re8 33. Bxe4
Rxe4 34. Qd2 Re8 35. Qc3 Rc8 36. Qb3 Re8 37. Qc3 Rc8 38. Qb3 Re8 39. Rd2 f5 40.
Ne2 Be6 41. Nf4 Bf7 42. Qc3 g5 43. Ne2 1/2-1/2

[Event "40 Nezhmetdinov Memorial"]
[Site "Казань"]
[Date "2018.09.15"]
[Round "3.37"]
[White "Ismailov, Amir"]
[Black "Cervantes Landeiro, Thalia"]
[Result "1-0"]
[WhiteElo "1716"]
[BlackElo "2172"]
[PlyCount "77"]
[EventDate "2018.09.13"]

1. c4 e5 2. g3 Nc6 3. Bg2 Bc5 4. Nc3 d6 5. e3 a6 6. Nge2 Ba7 7. O-O h5 8. d4
exd4 9. Nxd4 Nge7 10. Nd5 Ne5 11. f4 Ng4 12. h3 Nf6 13. Qa4+ Bd7 14. Nxf6+ gxf6
15. Qb3 Bb6 16. Qd3 c6 17. b4 Qc7 18. a4 Rg8 19. a5 Bxd4 20. exd4 O-O-O 21. f5
Kb8 22. c5 Qc8 23. cxd6 Nxf5 24. Bf4 Ka8 25. b5 Nxg3 26. Bxg3 h4 27. Bf4 Bxh3
28. Ra2 Bf5 29. Qf3 Bg4 30. d7 Rxd7 31. Qe4 f5 32. Qd3 h3 33. bxc6 hxg2 34. Rc1
Rd5 35. Rb2 bxc6 36. Rb8+ Qxb8 37. Bxb8 Kxb8 38. Qxa6 Rd6 39. Rb1+ 1-0

[Event "40 Nezhmetdinov Memorial"]
[Site "Казань"]
[Date "2018.09.15"]
[Round "3.39"]
[White "Maneluk, Daniil"]
[Black "Nikitin, Georgy"]
[Result "1-0"]
[WhiteElo "2170"]
[BlackElo "1763"]
[PlyCount "57"]
[EventDate "2018.09.13"]

1. e4 c6 2. d4 d5 3. exd5 cxd5 4. Bd3 Nc6 5. c3 Nf6 6. Bf4 Bg4 7. Qb3 e5 8.
dxe5 Nh5 9. Be3 Nxe5 10. Bb5+ Nc6 11. Be2 Bxe2 12. Nxe2 Qd7 13. Nd2 Be7 14. O-O
O-O 15. Rad1 Rad8 16. Nf3 f5 17. Nf4 Nxf4 18. Bxf4 Bf6 19. Rd3 Na5 20. Qc2 Qf7
21. Be5 Nc6 22. Bxf6 Qxf6 23. Rfd1 Ne7 24. Qb3 Qa6 25. Re3 Rd7 26. Ng5 f4 27.
Rxe7 Rxe7 28. Qxd5+ Kh8 29. Qf5 1-0

[Event "40 Nezhmetdinov Memorial"]
[Site "Казань"]
[Date "2018.09.15"]
[Round "3.40"]
[White "Efremov, Vladislav"]
[Black "Zaripova, Arina"]
[Result "1/2-1/2"]
[WhiteElo "2095"]
[BlackElo "1752"]
[PlyCount "97"]
[EventDate "2018.09.13"]

1. d4 Nf6 2. c4 e6 3. Nf3 Bb4+ 4. Bd2 a5 5. a3 Bxd2+ 6. Qxd2 O-O 7. Nc3 d5 8.
g3 Nbd7 9. Bg2 c6 10. Qc2 Re8 11. O-O dxc4 12. Ne5 Nxe5 13. dxe5 Nd7 14. f4 f6
15. Ne4 fxe5 16. Ng5 g6 17. Qxc4 Qe7 18. Ne4 exf4 19. Rxf4 Rf8 20. Rxf8+ Kxf8
21. h4 h6 22. Qd3 Kg7 23. Rf1 e5 24. h5 Nc5 25. Nxc5 Qxc5+ 26. Kh1 Bf5 27. Qb3
Qe7 28. hxg6 Bxg6 29. Qb6 a4 30. Rd1 Rf8 31. Bh3 Bf5 32. Bxf5 Rxf5 33. Kg2 Rf7
34. Qe3 Qf6 35. Rh1 Qg5 36. Qd3 Qf6 37. Qe3 Qe6 38. Rd1 b5 39. Qc5 Qf6 40. Qe3
Qf5 41. Rh1 h5 42. Rg1 Kg6 43. Rh1 Rf6 44. Rd1 e4 45. Rg1 Qd5 46. Rh1 Qf5 47.
Rg1 c5 48. Rc1 c4 49. Rg1 1/2-1/2

[Event "40 Nezhmetdinov Memorial"]
[Site "Казань"]
[Date "2018.09.15"]
[Round "3.41"]
[White "Gavrilin, Roman"]
[Black "Khusnutdinov, Abdul"]
[Result "1-0"]
[WhiteElo "2054"]
[BlackElo "1724"]
[PlyCount "75"]
[EventDate "2018.09.13"]

1. e4 c6 2. d4 d5 3. Nc3 dxe4 4. Nxe4 Bf5 5. Ng3 Bg6 6. Nh3 e6 7. Nf4 Nf6 8. h4
Bd6 9. c3 Bxf4 10. Bxf4 Nd5 11. Bd2 h6 12. h5 Bh7 13. Qg4 Qf6 14. Ne4 Bxe4 15.
Qxe4 Nd7 16. Rh3 Qe7 17. c4 N7f6 18. Qc2 Nb6 19. Bf4 O-O-O 20. O-O-O c5 21. Ra3
Rxd4 22. Rxd4 cxd4 23. c5 Nbd5 24. Bd6 Qd7 25. Rxa7 Nc7 26. Ba6 bxa6 27. Rxc7+
Qxc7 28. Bxc7 Kxc7 29. Qc4 Rd8 30. Qxa6 d3 31. Qb6+ Kd7 32. c6+ Ke8 33. c7 Rc8
34. Qb5+ Ke7 35. Qxd3 Rxc7+ 36. Kb1 Nd5 37. a4 Kd7 38. Qh7 1-0

[Event "40 Nezhmetdinov Memorial"]
[Site "Казань"]
[Date "2018.09.15"]
[Round "3.42"]
[White "Kuzmin, Roman"]
[Black "Khanukaev, Mark"]
[Result "1-0"]
[WhiteElo "2053"]
[BlackElo "1182"]
[PlyCount "30"]
[EventDate "2018.09.13"]

1. e4 e5 2. Nf3 Nc6 3. Bb5 a6 4. Ba4 Nf6 5. O-O Be7 6. d3 b5 7. Bb3 d6 8. c3
O-O 9. Re1 Nb8 10. Nbd2 Nbd7 11. Nf1 Re8 12. Bxf7+ Kf8 13. Ng5 Nb6 14. Be6 Bd7
15. Qf3 Bc6 1-0

[Event "40 Nezhmetdinov Memorial"]
[Site "Казань"]
[Date "2018.09.15"]
[Round "3.43"]
[White "Norkin, Yaks"]
[Black "Novikov, Roman"]
[Result "0-1"]
[WhiteElo "1752"]
[BlackElo "1992"]
[PlyCount "52"]
[EventDate "2018.09.13"]

1. e4 e6 2. d4 d5 3. e5 c5 4. c3 Nc6 5. Nf3 Qb6 6. Bd3 Bd7 7. dxc5 Bxc5 8. O-O
Qc7 9. Re1 Nge7 10. b4 Bb6 11. a4 a6 12. Ba3 Ng6 13. Bxg6 hxg6 14. Nbd2 f6 15.
c4 Nxe5 16. Nxe5 fxe5 17. cxd5 e4 18. Nf1 Qf4 19. Ra2 O-O 20. Qd2 Qxd2 21. Rxd2
exd5 22. Ne3 d4 23. Nd5 e3 24. fxe3 dxe3 25. Nxe3 Rae8 26. Rxd7 Rxe3 0-1

[Event "40 Nezhmetdinov Memorial"]
[Site "Казань"]
[Date "2018.09.15"]
[Round "3.44"]
[White "Ismagilov, Igor"]
[Black "Emelianov, Fedor"]
[Result "1-0"]
[WhiteElo "1952"]
[BlackElo "2124"]
[PlyCount "73"]
[EventDate "2018.09.13"]

1. d4 Nf6 2. Bf4 g6 3. e3 Bg7 4. Nd2 d6 5. c3 O-O 6. Bc4 b6 7. h3 Bb7 8. Ngf3
c5 9. O-O Nbd7 10. Re1 Rc8 11. Rc1 Qe8 12. e4 e5 13. Bh2 Nh5 14. Bf1 Qe7 15.
dxe5 dxe5 16. Nc4 Bh6 17. Ra1 f6 18. Nd6 Bc6 19. Nxc8 Rxc8 20. Qb3+ Kh8 21. Bb5
Bb7 22. Rad1 Nf8 23. Qc4 Ra8 24. Ba4 Bc8 25. Qd5 Bb7 26. Bc6 Bxc6 27. Qxc6 Rd8
28. Rxd8 Qxd8 29. Qa4 Qe7 30. Rd1 Ng7 31. Qc6 Ne8 32. Qd5 Kg7 33. Qd8 Kf7 34.
Qd5+ Kg7 35. g4 Ne6 36. Qc6 Nd8 37. Qd7 1-0

[Event "40 Nezhmetdinov Memorial"]
[Site "Казань"]
[Date "2018.09.15"]
[Round "3.45"]
[White "Doroshenko, Diana"]
[Black "Semenova, Anastasia"]
[Result "1-0"]
[WhiteElo "2122"]
[BlackElo "1775"]
[PlyCount "69"]
[EventDate "2018.09.13"]

1. e4 e5 2. Nf3 Nf6 3. Nxe5 d6 4. Nf3 Nxe4 5. d4 d5 6. Bd3 Bd6 7. O-O O-O 8. c4
c6 9. Qc2 Re8 10. Nc3 Bg4 11. Nxe4 dxe4 12. Bxe4 Bxf3 13. Bxf3 Qh4 14. g3 Qxd4
15. Be3 Qf6 16. Be4 h6 17. Rad1 Na6 18. a3 Bc5 19. Bf4 Bd4 20. b4 Rad8 21. Bh7+
Kh8 22. Bd3 g5 23. Bc1 Qf3 24. Rd2 c5 25. Be2 Qf6 26. Bh5 Kg8 27. Qa4 cxb4 28.
axb4 Qb6 29. Rfd1 Qxb4 30. Qxb4 Nxb4 31. Bb2 Bb6 32. Rd7 Re1+ 33. Rxe1 Rxd7 34.
Re8+ Kh7 35. Rh8# 1-0

[Event "40 Nezhmetdinov Memorial"]
[Site "Казань"]
[Date "2018.09.15"]
[Round "3.46"]
[White "Muldiarov, Valerij"]
[Black "Filippova, Margarita"]
[Result "0-1"]
[WhiteElo "1737"]
[BlackElo "2103"]
[PlyCount "84"]
[EventDate "2018.09.13"]

1. d4 d5 2. c4 c6 3. Nc3 Nf6 4. Nf3 e6 5. Bg5 Be7 6. e3 Nbd7 7. Rc1 b6 8. Bd3
Bb7 9. cxd5 exd5 10. O-O O-O 11. Bb1 h6 12. Bxf6 Nxf6 13. Ne5 Qe8 14. f4 c5 15.
Qf3 cxd4 16. exd4 Bb4 17. Bf5 Rd8 18. Rfe1 Ne4 19. Qh3 Qe7 20. Re3 Bxc3 21.
bxc3 Qa3 22. Rce1 Bc8 23. c4 Qb2 24. cxd5 Qf2+ 25. Kh1 Qxe1+ 26. Rxe1 Nf2+ 27.
Kg1 Nxh3+ 28. Bxh3 Bxh3 29. gxh3 Rxd5 30. Nc6 Rd7 31. Kf2 Kh7 32. Kf3 f6 33. f5
Rc8 34. d5 Rxd5 35. Ne7 Re8 36. Re3 Rd7 37. Ng6 Rxe3+ 38. Kxe3 Rd5 39. Ke4 Rd2
40. Kf4 Rxa2 41. h4 Ra4+ 42. Kg3 b5 0-1

[Event "40 Nezhmetdinov Memorial"]
[Site "Казань"]
[Date "2018.09.15"]
[Round "3.47"]
[White "Lazarev, Artem"]
[Black "Vorobiev, Sergey"]
[Result "1-0"]
[WhiteElo "1671"]
[BlackElo "2092"]
[PlyCount "103"]
[EventDate "2018.09.13"]

1. e4 e5 2. Nf3 Nc6 3. Bb5 a6 4. Ba4 Nf6 5. O-O b5 6. Bb3 Be7 7. Re1 d6 8. c3
O-O 9. h3 Na5 10. Bc2 c5 11. d4 Qc7 12. d5 c4 13. Nbd2 Nb7 14. Nf1 Nc5 15. g4
g6 16. Ng3 a5 17. Kh2 b4 18. Bh6 Rd8 19. Qd2 bxc3 20. bxc3 Kh8 21. Ng5 Bf8 22.
Bxf8 Rxf8 23. f4 Kg7 24. fxe5 dxe5 25. Rf1 Ra6 26. Rad1 Nd3 27. Bxd3 cxd3 28.
Qxd3 Rd6 29. Qd2 Ba6 30. Rfe1 Nd7 31. Rc1 Qc4 32. Nf1 Nc5 33. Ne3 Qa4 34. c4 f6
35. Nf3 Nxe4 36. Qe2 Re8 37. g5 Nc5 38. gxf6+ Rxf6 39. Ng4 Rf5 40. Nd4 Rff8 41.
Ne6+ Rxe6 42. dxe6 Rf5 43. Nxe5 Qe8 44. Ng4 Qb8+ 45. Kg1 h5 46. e7 Bb7 47. Qh2
Qe8 48. Qb2+ Kh7 49. Nf6+ Rxf6 50. Qxf6 Nd3 51. Rf1 Nxc1 52. Qf7+ 1-0

[Event "40 Nezhmetdinov Memorial"]
[Site "Казань"]
[Date "2018.09.15"]
[Round "3.48"]
[White "Guzhova, Amina"]
[Black "Pogorelskikh, Sofia"]
[Result "0-1"]
[WhiteElo "1554"]
[BlackElo "2037"]
[PlyCount "56"]
[EventDate "2018.09.13"]

1. d4 Nf6 2. Bf4 g6 3. e3 Bg7 4. Nf3 O-O 5. h3 d6 6. Be2 b6 7. O-O Bb7 8. c4
Ne4 9. Nbd2 Nd7 10. Nxe4 Bxe4 11. Nd2 Bb7 12. Rb1 e5 13. dxe5 dxe5 14. Bh2 Qe7
15. Qc2 a5 16. a4 Nc5 17. e4 Rfd8 18. Rbd1 Bh6 19. b3 Bxd2 20. Rxd2 Rxd2 21.
Qxd2 Nxb3 22. Qb2 Nd4 23. f3 Qb4 24. Qxb4 axb4 25. Bd1 f6 26. Bg3 b3 27. Rf2
Rxa4 28. Rb2 Ra1 0-1

[Event "40 Nezhmetdinov Memorial"]
[Site "Казань"]
[Date "2018.09.15"]
[Round "3.49"]
[White "Murzin, Lenar"]
[Black "Fonichkin, Egor"]
[Result "1-0"]
[WhiteElo "2007"]
[BlackElo "1692"]
[PlyCount "119"]
[EventDate "2018.09.13"]

1. d4 d6 2. c4 e5 3. Nf3 f6 4. Nc3 c6 5. e4 Ne7 6. Be2 Ng6 7. O-O Be7 8. Be3
O-O 9. Qb3 Kh8 10. Rfd1 Qc7 11. Rac1 b6 12. d5 c5 13. Nd2 f5 14. exf5 Bxf5 15.
Nde4 a6 16. Qc2 Nd7 17. Qd2 Rab8 18. Ng3 Nh4 19. Bd3 Bg4 20. Be2 Bf5 21. a3 Bg6
22. Bd3 Nf5 23. Nxf5 Bxf5 24. Bxf5 Rxf5 25. Qd3 Rbf8 26. Ne4 h6 27. b4 a5 28.
bxa5 bxa5 29. Rb1 Bh4 30. Rd2 R5f7 31. Rdb2 Nf6 32. Nxf6 Rxf6 33. g3 Bg5 34.
Bxg5 hxg5 35. Rb7 Qc8 36. R7b2 Qg4 37. Qe2 Qh3 38. Qe4 Rh6 39. Qg2 Qg4 40. Rb8
Rhf6 41. Rxf8+ Rxf8 42. Rb6 e4 43. Rxd6 e3 44. f3 Rxf3 45. Rd8+ Kh7 46. Qc2+
Rf5 47. Rf8 e2 48. Re8 Qd4+ 49. Kg2 Qf2+ 50. Kh3 g6 51. Qxe2 g4+ 52. Kxg4 Qd4+
53. Kh3 Rf7 54. Qe5 Rg7 55. Re7 Rxe7 56. Qxe7+ Kg8 57. d6 Qd1 58. d7 Qf1+ 59.
Kh4 Qxc4+ 60. g4 1-0

[Event "40 Nezhmetdinov Memorial"]
[Site "Казань"]
[Date "2018.09.15"]
[Round "3.50"]
[White "Gabitov, Bulat"]
[Black "Nagaeva, Aliia"]
[Result "1-0"]
[WhiteElo "1998"]
[BlackElo "1605"]
[PlyCount "111"]
[EventDate "2018.09.13"]

1. d4 Nf6 2. c4 e6 3. g3 Bb4+ 4. Bd2 Bxd2+ 5. Nxd2 d5 6. Bg2 O-O 7. Ngf3 Nbd7
8. O-O c6 9. Qc2 Qc7 10. Rfd1 Rd8 11. e4 dxe4 12. Nxe4 Nxe4 13. Qxe4 Nf6 14.
Qe2 b6 15. Ne5 Bb7 16. c5 b5 17. h4 Nd5 18. Re1 a5 19. Rad1 Ba6 20. Bh3 b4 21.
Qf3 a4 22. Qe4 Bb5 23. Nxf7 Nf6 24. Qe5 Qxe5 25. Nxe5 Re8 26. Nd3 Bxd3 27. Rxd3
Kf7 28. Rde3 Rad8 29. Bxe6+ Kf8 30. Bh3 Rxd4 31. Rxe8+ Nxe8 32. Bg2 Nf6 33.
Bxc6 Rc4 34. Bxa4 Rxc5 35. Rd1 Rd5 36. Rxd5 Nxd5 37. Bc2 h6 38. a3 Ke7 39. a4
Kd6 40. b3 Kc5 41. Bd3 Kd4 42. Bc4 Nb6 43. Bg8 Nd7 44. Kg2 Nc5 45. g4 Kc3 46.
a5 Kd4 47. Bc4 Ke5 48. a6 Nd7 49. a7 Nb6 50. Be2 Kd4 51. Bf3 Kc3 52. a8=Q Nxa8
53. Bxa8 Kxb3 54. f4 Kc4 55. Kf3 b3 56. Be4 1-0

[Event "40 Nezhmetdinov Memorial"]
[Site "Казань"]
[Date "2018.09.15"]
[Round "3.51"]
[White "Grekhov, Luka"]
[Black "Khabibullin, Ruslan"]
[Result "1/2-1/2"]
[WhiteElo "1914"]
[BlackElo "1517"]
[PlyCount "92"]
[EventDate "2018.09.13"]

1. e4 e6 2. d4 d5 3. e5 c5 4. c3 Qb6 5. Nf3 Nc6 6. a3 Nh6 7. b4 cxd4 8. cxd4
Nf5 9. Be3 f6 10. exf6 gxf6 11. Bd3 Nxe3 12. fxe3 Bh6 13. Qe2 Bd7 14. Nc3 O-O-O
15. O-O Ne7 16. Rfb1 Kb8 17. a4 e5 18. a5 Qd6 19. dxe5 fxe5 20. Bb5 Bg4 21. Qe1
Bxf3 22. gxf3 Rhg8+ 23. Kh1 Qg6 24. Rb2 a6 25. Ba4 Qd3 26. b5 axb5 27. Bxb5
Qxe3 28. Qxe3 Bxe3 29. Ba6 Rd7 30. Rab1 Ka7 31. Rxb7+ Rxb7 32. Bxb7 d4 33. Nd5
Nxd5 34. Bxd5 Rd8 35. Be4 h6 36. Bd3 Rb8 37. Rxb8 Kxb8 38. Kg2 Bf4 39. h4 Ka7
40. Kh3 Kb7 41. Kg4 Ka7 42. Kf5 Kb7 43. Ke6 Ka7 44. Kd7 Kb7 45. h5 Ka7 46. Kc6
Bg3 1/2-1/2

[Event "40 Nezhmetdinov Memorial"]
[Site "Казань"]
[Date "2018.09.15"]
[Round "3.52"]
[White "Yakimova, Mariya"]
[Black "Salimova, Dinara"]
[Result "1-0"]
[WhiteElo "1882"]
[BlackElo "1467"]
[PlyCount "81"]
[EventDate "2018.09.13"]

1. d4 Nf6 2. c4 e6 3. g3 d5 4. Nf3 dxc4 5. Bg2 Be7 6. Qa4+ c6 7. Qxc4 b5 8. Qd3
Bb7 9. O-O Nbd7 10. Nc3 b4 11. Na4 O-O 12. e4 Rc8 13. b3 c5 14. e5 Nd5 15. dxc5
Nxc5 16. Nxc5 Rxc5 17. Rd1 Rc3 18. Qe2 Qa8 19. Ne1 Rfc8 20. Qg4 Kh8 21. Bd2
R3c7 22. Rdc1 a5 23. h4 Nc3 24. Bf1 Ba6 25. Bg2 Bb7 26. Kh2 Bxg2 27. Nxg2 Qd5
28. Bf4 Qb5 29. Ne3 Ne2 30. Rxc7 Rxc7 31. Nc4 Nxf4 32. Qxf4 Bc5 33. Nd6 Bxd6
34. exd6 Rd7 35. Rc1 h6 36. Rc7 e5 37. Qf5 Rd8 38. Qxf7 Rg8 39. Re7 a4 40. d7
axb3 41. d8=Q 1-0

[Event "40 Nezhmetdinov Memorial"]
[Site "Казань"]
[Date "2018.09.15"]
[Round "3.53"]
[White "Razhbadinov, Rasul"]
[Black "Smorodkin, Kirill"]
[Result "0-1"]
[WhiteElo "1516"]
[BlackElo "1875"]
[PlyCount "88"]
[EventDate "2018.09.13"]

1. e4 e5 2. Nf3 Nc6 3. Bb5 a6 4. Ba4 Nf6 5. O-O b5 6. Bb3 Bc5 7. c3 d6 8. d4
Bb6 9. dxe5 Nxe5 10. Nxe5 dxe5 11. Qxd8+ Kxd8 12. Bxf7 Bb7 13. Bg5 Ke7 14. Bb3
h6 15. Bxf6+ gxf6 16. Nd2 Rad8 17. Rad1 Rd6 18. Bd5 Bxd5 19. exd5 Rxd5 20. Nf3
Rhd8 21. Rxd5 Rxd5 22. Re1 Ke6 23. Kf1 c5 24. Ke2 c4 25. Ng1 Rd3 26. Nh3 a5 27.
Rd1 Rxd1 28. Kxd1 b4 29. Kd2 Bc5 30. b3 Kd5 31. g4 cxb3 32. axb3 Ke4 33. cxb4
Bxb4+ 34. Ke2 Kd4 35. f4 Kc3 36. fxe5 fxe5 37. g5 hxg5 38. Nxg5 Kxb3 39. Nf7
Bc3 40. Nd8 a4 41. Ne6 Bd4 42. Ng5 a3 43. Ne4 a2 44. Nd2+ Kc2 0-1

[Event "40 Nezhmetdinov Memorial"]
[Site "Казань"]
[Date "2018.09.15"]
[Round "3.54"]
[White "Rafikov, Danis"]
[Black "Makov, Artem"]
[Result "0-1"]
[WhiteElo "1307"]
[BlackElo "1818"]
[PlyCount "112"]
[EventDate "2018.09.13"]

1. e4 c5 2. Nf3 Nc6 3. Bb5 g6 4. d4 cxd4 5. Bxc6 bxc6 6. Qxd4 Nf6 7. e5 Ng8 8.
e6 Nf6 9. exf7+ Kxf7 10. O-O Ba6 11. Rd1 Bg7 12. Qa4 Bb5 13. Qb3+ Ke8 14. Ng5
d5 15. Ne6 Qd7 16. Nxg7+ Kf7 17. Bh6 e5 18. Na3 Rab8 19. Nxb5 Rxb5 20. Qg3 Qd6
21. c4 Rxb2 22. cxd5 cxd5 23. Rab1 Rhb8 24. Rxb2 Rxb2 25. Rc1 Qb8 26. Qh3 Rb6
27. g3 d4 28. Qc8 Qxc8 29. Rxc8 Rb7 30. h3 Ng8 31. Ne8 Rb1+ 32. Bc1 Ne7 33. Rc7
Kxe8 34. Kg2 Kd8 35. Rc5 Kd7 36. Bg5 Nc6 37. Rc2 Kd6 38. Bh6 Rb8 39. Bc1 Kd5
40. Ba3 Rb5 41. Bf8 e4 42. a4 Ra5 43. Kf1 d3 44. Rc1 Ne5 45. Ke1 Nc4 46. Kd1
Rxa4 47. Bg7 Rb4 48. h4 a5 49. Ra1 a4 50. Bf8 Rb3 51. Bg7 a3 52. Bh8 a2 53. Kc1
d2+ 54. Kc2 Rb1 55. Rxa2 d1=Q+ 56. Kc3 Rb3# 0-1

[Event "40 Nezhmetdinov Memorial"]
[Site "Kazan"]
[Date "2018.09.16"]
[Round "4.11"]
[White "Skatchkov, Valery"]
[Black "Bocharov, Dmitry"]
[Result "0-1"]
[WhiteElo "2253"]
[BlackElo "2562"]
[PlyCount "76"]
[EventDate "2018.09.13"]

1. d4 Nf6 2. c4 g6 3. Nf3 Bg7 4. Nc3 O-O 5. g3 Nc6 6. Bg2 a6 7. O-O Rb8 8. b3
d6 9. Bb2 b5 10. cxb5 axb5 11. Rc1 Bd7 12. Re1 b4 13. Na4 Na5 14. Qc2 Bxa4 15.
bxa4 c6 16. Nd2 d5 17. Qd3 Nd7 18. a3 b3 19. Bc3 e5 20. Bh3 Nc4 21. Nxc4 dxc4
22. Qxc4 exd4 23. Bxd4 Nb6 24. Bxb6 Qxb6 25. Bd7 b2 26. Rb1 Rfd8 27. Qxc6 Qxc6
28. Bxc6 Rb3 29. e4 Rd2 30. e5 Bf8 31. Bb5 Rxa3 32. Kg2 Bc5 33. Re2 Rxe2 34.
Bxe2 Bd4 35. f4 h5 36. a5 Rxa5 37. Kf3 Rc5 38. Ke4 Bc3 0-1

[Event "40 Nezhmetdinov Memorial"]
[Site "Kazan"]
[Date "2018.09.16"]
[Round "4.12"]
[White "Maiorov, Nikita"]
[Black "Danielyan, Vahe"]
[Result "1/2-1/2"]
[WhiteElo "2513"]
[BlackElo "2249"]
[PlyCount "70"]
[EventDate "2018.09.13"]

1. d4 Nf6 2. c4 c5 3. d5 b5 4. cxb5 a6 5. bxa6 g6 6. Nc3 Bg7 7. g3 O-O 8. Bg2
d6 9. Nf3 Nxa6 10. O-O Bf5 11. Nh4 Bd7 12. Bd2 Qb6 13. Qc1 Rfb8 14. Rb1 Nc7 15.
Re1 Nb5 16. Ra1 Qb7 17. b3 Nxc3 18. Bxc3 Nxd5 19. Bxg7 Kxg7 20. Qg5 e6 21. Red1
Bc6 22. e4 Nf6 23. e5 dxe5 24. Qxe5 Rc8 25. Rd2 c4 26. bxc4 Bxg2 27. Nxg2 Rxc4
28. Rad1 Qe4 29. Qb2 Rb4 30. Qa1 Rba4 31. Re1 Qc4 32. Ne3 Qb4 33. Red1 h5 34.
Rc2 Qe4 35. h4 Ra3 1/2-1/2

[Event "40 Nezhmetdinov Memorial"]
[Site "Kazan"]
[Date "2018.09.16"]
[Round "4.13"]
[White "Zhitnikov, Konstantin"]
[Black "Khanin, Semen"]
[Result "1/2-1/2"]
[WhiteElo "2247"]
[BlackElo "2507"]
[PlyCount "79"]
[EventDate "2018.09.13"]

1. e4 e5 2. Nf3 Nc6 3. Nc3 Nf6 4. Bb5 Nd4 5. Nxd4 exd4 6. e5 dxc3 7. exf6 Qxf6
8. dxc3 Bd6 9. Qe2+ Qe7 10. Bg5 Qxe2+ 11. Bxe2 O-O 12. Be3 b6 13. Bf3 Rb8 14.
O-O-O Re8 15. Rhe1 Bb7 16. Bxb7 Rxb7 17. Bd2 Re6 18. Rxe6 dxe6 19. Be3 f5 20.
h3 Kf7 21. f3 e5 22. Kd2 Rb8 23. Ke2 Re8 24. c4 e4 25. c5 exf3+ 26. Kxf3 bxc5
27. Rd5 Ke6 28. c4 c6 29. Rd3 Re7 30. Ra3 Rb7 31. b3 g6 32. Ra6 Kd7 33. g4
fxg4+ 34. Kxg4 Be7 35. Kf3 Bd6 36. Kg4 Be7 37. Kf3 Bd6 38. Kg4 Be7 39. Kf3 Kd6
40. Kg4 1/2-1/2

[Event "40 Nezhmetdinov Memorial"]
[Site "Kazan"]
[Date "2018.09.16"]
[Round "4.14"]
[White "Bogdanov, Nikita"]
[Black "Gabrielian, Artur"]
[Result "0-1"]
[WhiteElo "2244"]
[BlackElo "2503"]
[PlyCount "120"]
[EventDate "2018.09.13"]

1. e4 c5 2. c3 Nf6 3. e5 Nd5 4. d4 cxd4 5. Nf3 e6 6. cxd4 b6 7. Nc3 Nxc3 8.
bxc3 Qc7 9. Bd2 d6 10. Bd3 Nd7 11. Ng5 Bb7 12. O-O dxe5 13. Re1 Be7 14. dxe5 h6
15. Qh5 Bxg5 16. Bxg5 Nc5 17. Bc2 Qc6 18. f3 Nd7 19. Rad1 Qxc3 20. Re2 Nc5 21.
f4 Qc4 22. f5 exf5 23. e6 Nxe6 24. Rxe6+ Qxe6 25. Bb3 g6 26. Qh4 hxg5 27. Qxh8+
Ke7 28. Qd4 Qf6 29. Qd7+ Kf8 30. Qxb7 Re8 31. Qd7 Re7 32. Qd4 Kg7 33. Qxf6+
Kxf6 34. Kf2 g4 35. g3 Rc7 36. Rd5 Kg5 37. Rd6 Re7 38. Rd4 Kf6 39. Ba4 Ke6 40.
Ke2 Kf6+ 41. Kd2 Ke6 42. Kd3 Rc7 43. Bb3+ Kf6 44. Ba4 Ke6 45. Rc4 Re7 46. Kd4
Kf6 47. Rc6+ Kg5 48. Bb3 f6 49. Re6 Rh7 50. Re2 f4 51. gxf4+ Kxf4 52. Rf2+ Kg5
53. Kd3 f5 54. Re2 Kh4 55. Rg2 Re7 56. Bd5 g5 57. Re2 Rxe2 58. Kxe2 Kh3 59. Kf2
Kxh2 60. Bc6 f4 0-1

[Event "40 Nezhmetdinov Memorial"]
[Site "Kazan"]
[Date "2018.09.16"]
[Round "4.15"]
[White "Hasangatin, Ramil"]
[Black "Pogorelskikh, Sergey"]
[Result "1-0"]
[WhiteElo "2490"]
[BlackElo "2202"]
[PlyCount "93"]
[EventDate "2018.09.13"]

1. Nf3 Nf6 2. c4 g6 3. b4 Bg7 4. Bb2 d6 5. e3 e5 6. d3 O-O 7. Be2 e4 8. dxe4
Nxe4 9. Bxg7 Kxg7 10. Qd4+ Qf6 11. Nbd2 Nxd2 12. Qxf6+ Kxf6 13. Kxd2 c5 14.
bxc5 dxc5 15. Kc3 Nc6 16. Rhd1 Be6 17. Nd2 b6 18. Bf3 Rac8 19. Ne4+ Ke7 20. Nd6
Rcd8 21. Nb5 Ne5 22. Be2 Rxd1 23. Rxd1 a6 24. Nc7 b5 25. cxb5 axb5 26. Nd5+
Bxd5 27. Rxd5 Nd7 28. Bxb5 Nf6 29. Rd3 Ne4+ 30. Kc2 Nxf2 31. Rd7+ Ke6 32. Ra7
Ne4 33. Bc4+ Kf6 34. Rd7 Ng5 35. Bd5 Ke5 36. a4 Rb8 37. a5 Rb5 38. a6 Ra5 39.
a7 Rxa7 40. Rxa7 Kxd5 41. h4 Ne4 42. Rxf7 Nd6 43. Rxh7 Nf5 44. Kd2 c4 45. h5
c3+ 46. Kxc3 Nxe3 47. h6 1-0